| 000 | 00423nam a2200169Ia 4500 | ||
|---|---|---|---|
| 003 | OSt | ||
| 005 | 20240422123640.0 | ||
| 008 | 170619s9999 xx 000 0 und d | ||
| 020 | _a9788131512128 | ||
| 040 | _cIIMT ENGINEERING COLLEGE | ||
| 100 | _aEVANS R.JAMES | ||
| 245 | 0 | _aOPERATION MGT CONCEPTS- TECHNIQUES- & APPLICATIONS | |
| 260 | _bCENGAGE LEARNING | ||
| 260 | _c2010 | ||
| 546 | _aENGLISH | ||
| 942 |
_2ddc _c01 |
||
| 999 |
_c19460 _d19460 |
||